JO 2024 - Les Médailles d'Or Françaises - Statistiques

Statistiques générales
  • Ce quiz a été pris 495 fois
    395 depuis la dernière actualisation
  • Le résultat moyen est 11 sur 20
Statistiques - réponses
Réponse % Correct
Léon Marchand
93%
Natation
92%
Cyclisme
87%
Judo
87%
Teddy Riner
77%
Escrime
71%
Rugby à 7
70%
Volley-ball
70%
Triathlon
50%
Canoë slalom
49%
Pauline Ferrand-Prévot
48%
Surf
45%
Taekwondo
40%
Manon Apithy-Brunet
39%
Cassandre Beaugrand
37%
Joris Daudet
30%
Benjamin Thomas
29%
Kauli Vaast
26%
Nicolas Gestin
24%
Althéa Laurin
21%
Aucun quiz correspondant
Distribution des résultats
% des personnes avec chaque résultat
Percentile par nombre de réponses
Votre historique - résultats
Vous n’avez pas pris ce quiz depuis la dernière actualisation